Pascal-értelmezések
Elmentve itt :
| Szerző: | |
|---|---|
| További közreműködők: | |
| Adatforrás: | Philobibl |
| Dokumentumtípus: | Könyv |
| Nyelv: | magyar |
| Kulcsszavak: | filozófia, francia Pascal, B. |
| Megjelent: |
Budapest
Széphalom Könyvműhely
2003
|
| Sorozat: | Rejtett kulturális forrásaink
|
| LEADER | 00783nam a2200217 c 4500 | ||
|---|---|---|---|
| 001 | bibDOK00028693 | ||
| 005 | 20200924122354.2 | ||
| 008 | 060518s2003 hu hun | ||
| 100 | 1 | |a Várkonyi Dezső Hildebrand | |
| 245 | 1 | 0 | |a Pascal-értelmezések |c Várkonyi Dezső Hildebrand ; [utószó Bolberitz Pál, Rókusfalvi Pál ; lábjegyz., idézeteket ford. Timár Andrea, Baranyai Judit ; szöveggond. Matuszka Angéla] |
| 260 | |a Budapest |b Széphalom Könyvműhely |c 2003 | ||
| 300 | |a 371 p. | ||
| 490 | 1 | |a Rejtett kulturális forrásaink | |
| 695 | |a filozófia, francia | ||
| 695 | |a Pascal, B. | ||
| 700 | 1 | |a Bolberitz Pál | |
| 700 | 1 | |a Rókusfalvi Pál | |
| 700 | 1 | |a Timár Andrea | |
| 700 | 1 | |a Baranyai Judit | |
| 700 | 1 | |a Matuszka Angéla | |
| 830 | 0 | |a Rejtett kulturális forrásaink | |